Т. 115, кн. 3: [сборник]; Ученые записки Казанского университета

Бібліографічні деталі
Parent link:Ученые записки Казанского университета: [сборник научных трудов]/ Казанский государственный университет (КГУ). Т. 115, кн. 3.— , 1909-
Інші автори: Нужин М. Т. (редактор)
Мова:Російська
Опубліковано: 1955
Серія:Химия
Предмети:
Формат: Книга
KOHA link:https://koha.lib.tpu.ru/cgi-bin/koha/opac-detail.pl?biblionumber=339688

MARC

LEADER 00000nam2a2200000 4500
001 339688
005 20231102005151.0
035 |a (RuTPU)RU\TPU\book\366227 
035 |a RU\TPU\book\318477 
035 |a RU\TPU\book\318285 
035 |a RU\TPU\book\318289 
090 |a 339688 
100 |a 20180122d1955 k y0rusy50 ca 
101 0 |a rus 
102 |a RU 
105 |a a z 001zy 
200 0 |a Т. 115, кн. 3  |e [сборник]  |f отв. ред. М. Т. Нужин 
210 |d 1955 
215 |a 150 с.  |c ил. 
225 1 |a Химия 
320 |a Библиогр. в конце ст. 
461 1 |0 (RuTPU)RU\TPU\book\283219  |t Ученые записки Казанского университета  |o [сборник научных трудов]  |f Казанский государственный университет (КГУ)  |v Т. 115, кн. 3  |d 1909-  
606 1 |a Химия  |2 stltpush  |3 (RuTPU)RU\TPU\subj\17362  |9 43035 
610 1 |a синтез 
610 1 |a полярография 
610 1 |a амперометрическое титрование 
610 1 |a электролиты 
675 |a 54  |v 4 
702 1 |a Нужин  |b М. Т.  |4 340 
801 1 |a RU  |b 63413507  |c 20150430 
801 2 |a RU  |b 63413507  |c 20180122  |g RCR 
942 |c BK